000 00439nam a2200181Ia 4500
005 20240823060033.0
008 240823s9999||||xx |||||||||||||| ||und||
041 _aENGLISH
082 _A620.118 P6
100 _aBryan Harris
245 0 _aEngineering Composite Materials
250 _a2nd
260 _c2006
_bWoodhead Publishing Li
500 _aYES
650 _aComposite Materials
_bMechanical
942 _cBK
999 _c230189
_d230189